000 00459nam a2200145Ia 4500
008 100122s9999 xx 000 0 und d
082 _b11197
_a796.01922
100 _aपंडित बाळ ज
245 _aकुमारांचे खेळ
260 _bगो.य.राणे प्रकाशन
_c1961
300 _a70
630 _aकुमारांचे खेळ
730 _aकुमारांचे खेळ
942 _cBOOK
999 _c402603
_d402600